Martin Brandenburg
Georgia B
Categories
Current Events | 2 | 1 | 0 | 0 | 40 | 36 | 54.33 | 2 | 3 |
Fine Arts - Visual Fine Arts | 0 | 2 | 0 | 0 | 20 | 81 | 103.00 | 0 | 2 |
Ancient History and Archaeology | 0 | 2 | 1 | 0 | 15 | 86 | 112.00 | 0 | 1 |
History - European History | 0 | 2 | 1 | 0 | 15 | 115 | 123.50 | 0 | 1 |
Science - Physics | 0 | 2 | 1 | 2 | 15 | 126 | 126.50 | 0 | 2 |
Other Academic | 0 | 1 | 0 | 0 | 10 | 106 | 106.00 | 0 | 0 |
Beliefs | 0 | 1 | 0 | 1 | 10 | 150 | 150.00 | 0 | 0 |
Other Science: Math | 0 | 1 | 0 | 0 | 10 | 141 | 141.00 | 0 | 1 |
British and Commonwealth History | 0 | 1 | 0 | 0 | 10 | 77 | 77.00 | 1 | 1 |
History - World History | 0 | 1 | 1 | 0 | 5 | 107 | 107.00 | 0 | 1 |
Geography | 0 | 0 | 1 | 0 | -5 | 0.00 | 0 | 0 | |
History - American History | 0 | 0 | 1 | 0 | -5 | 0.00 | 0 | 0 |